000 00503nam a2200181Ia 4500
005 20250508163216.0
008 008 250505s9999 xx 000 0 eng d
037 _aReference
040 _aFEDL
_beng
_cFEDL
041 _aeng
_2eng
084 _a370.1, SEE/RR
_qFEDL
100 _aSeetharamu A S
245 0 _aPhilosophies of education
260 _aNew Delhi, India
_bAshish Publishing House
_c1978
300 _a173p.
942 _cREF
_h370.1, SEE/RR
999 _c1381523
_d1381523